书目信息 |
| 题名: |
唐宋词选释
|
|
| 作者: | 俞平伯 著 | |
| 分册: | ||
| 出版信息: | 北京 人民文学出版社 1979 |
|
| 页数: | 287页 | |
| 开本: | 20cm | |
| 丛书名: | ||
| 单 册: | ||
| 中图分类: | I222.842 , I222.8 | |
| 科图分类: | ||
| 主题词: | 词(文学)--中国--唐代--选集 , 宋词--中国--选集 | |
| 电子资源: | ||
| ISBN: | ||
| 000 | 00633nam0 2200241 45 | |
| 001 | 0179002178 | |
| 005 | 20081022083924.82 | |
| 010 | @dCNY0.96 | |
| 091 | @aCN@b10019.2860 | |
| 100 | @a19950719d1979 em y0chiy0121 ea | |
| 101 | 0 | @achi |
| 102 | @aCN@b110000 | |
| 105 | @ay z 000gy | |
| 200 | 10 | @a唐宋词选释@Atang song ci xuan shi@f俞平伯著 |
| 210 | @a北京@c人民文学出版社@d1979 | |
| 215 | @a287页@d20cm | |
| 606 | @a词(文学)@y中国@z唐代@x选集 | |
| 606 | @a宋词@y中国@x选集 | |
| 690 | @aI222.842@v3 | |
| 690 | @aI222.8@v4 | |
| 701 | 0 | @a俞平伯@Ayu ping bo@4著 |
| 801 | 0 | @aCN@bTSSF@c20081022 |
| 905 | @aZUCC@dI222.8@e528 | |
| 唐宋词选释/俞平伯著.-北京:人民文学出版社,1979 |
| 287页;20cm |
| ISBN :CNY0.96 |
| ● |
| 相关链接 |
|
|
|
|
正题名:唐宋词选释
索取号:I222.8/528
 
预约/预借
| 序号 | 登录号 | 条形码 | 馆藏地/架位号 | 状态 | 备注 |
| 1 | 0277104 | 202179766 | 第一样本阅览室/ [索取号:I222.8/528] | 在馆 |